00655nam a22001817a 4500003000900000008004100009040007100050082001800121100002200139245004600161260005100207300002800258440002800286505010100314650003000415650001300445650001500458AR-CdUCM190515b ||||| |||| 00| 0 spa d aMUNICIPALIDAD PROVINCIAL DEL CUSCOcBIBLIOTECA MUNICIPAL DEL CUSCO a946.04 /bJ86 aJouve, Marguerite aTorquemada, gran inquisidor de España / aSantiago de Chile :bEdiciones Ercilla,c1935. a129 páginas ;c23 cm. aProcesos de la Historia aContenido: El confesor de la infanta -- El nacimiento de una nacion -- Juventud de Torquemada... aBiografías históricas aEspaña aTorquemada